00661cam a22002051 45000010005000000030008000050050017000130080041000300350018000710400032000890410008001210820020001291000025001492450085001742600036002593000057002955040037003526000039003896500027004285699BD-RjUL20211208234119.0140107s1966 enkfh b 001 0 eng d a(BD-RjUL)5738 aDLCcICUdDLCdBD-RjULbeng aeng00a370.1bSAJ 19661 aSadler, John Edward.00aJ. A. Comenius and the concept of universal education. /cby John Edward Sadler. aLondon :bAllen & Unwin,c1966. a318 p. :bfront., 5 plates (incl. facsims.);c23 cm. aIncludes bibliography and index.10aComenius, Johann Amos,d1592-1670. 0aEducationxPhilosophy.